Handbook of biophilic city planning and design / (Record no. 11099)

000 -LEADER
fixed length control field 04134cam a22005057i 4500
001 - CONTROL NUMBER
control field 19045012
005 - DATE AND TIME OF LATEST TRANSACTION
control field 20221230170845.0
008 - FIXED-LENGTH DATA ELEMENTS--GENERAL INFORMATION
fixed length control field 160406s2016 dcua bf 001 0 eng
010 ## - LIBRARY OF CONGRESS CONTROL NUMBER
LC control number 2016938091
020 ## - INTERNATIONAL STANDARD BOOK NUMBER
International Standard Book Number 1610916190 (hardback)
020 ## - INTERNATIONAL STANDARD BOOK NUMBER
International Standard Book Number 9781610916196 (hardback)
020 ## - INTERNATIONAL STANDARD BOOK NUMBER
International Standard Book Number 1610916204 (paperback)
020 ## - INTERNATIONAL STANDARD BOOK NUMBER
International Standard Book Number 9781610916202 (paperback)
035 ## - SYSTEM CONTROL NUMBER
System control number (OCoLC)ocn907651306
040 ## - CATALOGING SOURCE
Original cataloging agency YDXCP
Language of cataloging eng
Transcribing agency YDXCP
Description conventions rda
Modifying agency BTCTA
-- BDX
-- OCLCQ
-- CDX
-- OCLCF
-- NGU
-- GZN
-- UAB
-- IGA
-- UKWOH
-- P4A
-- GUA
-- ITD
-- MUX
-- TFW
-- OCLCQ
-- DLC
042 ## - AUTHENTICATION CODE
Authentication code lccopycat
050 00 - LIBRARY OF CONGRESS CALL NUMBER
Classification number HT166
Item number .B3928 2016
082 04 - DEWEY DECIMAL CLASSIFICATION NUMBER
Classification number 307.1/216
Edition number 23
100 1# - MAIN ENTRY--PERSONAL NAME
Personal name Beatley, Timothy,
Dates associated with a name 1957-
Relator term author.
245 10 - TITLE STATEMENT
Title Handbook of biophilic city planning and design /
Statement of responsibility, etc. Timothy Beatley.
264 #1 - PRODUCTION, PUBLICATION, DISTRIBUTION, MANUFACTURE, AND COPYRIGHT NOTICE
Place of production, publication, distribution, manufacture Washington, DC :
Name of producer, publisher, distributor, manufacturer Island Press,
Date of production, publication, distribution, manufacture, or copyright notice [2016]
300 ## - PHYSICAL DESCRIPTION
Extent xx, 289 pages :
Other physical details illustrations ;
Dimensions 26 cm
336 ## - CONTENT TYPE
Content type term text
Content type code txt
Source rdacontent
337 ## - MEDIA TYPE
Media type term unmediated
Media type code n
Source rdamedia
338 ## - CARRIER TYPE
Carrier type term volume
Carrier type code nc
Source rdacarrier
504 ## - BIBLIOGRAPHY, ETC. NOTE
Bibliography, etc. note Includes bibliographical references (pages 265-278) and index.
505 0# - FORMATTED CONTENTS NOTE
Formatted contents note Part 1: The background and theory of biophilic cities. -- Chapter 1. The power of urban nature : the essential benefits of biophilic urbanism -- Chapter 2. Understanding the nature of biophilic cities -- Chapter 3. The urban nature diet : the many ways that nature enhances urban life -- Chapter 4. Biophilic cities and urban resilience -- Part 2: Creating biophilic cities : emerging global practice. -- Chapter 5. Singapore City, Singapore : city in a garden -- Chapter 6. Milwaukee, Wisconsin : from cream city to green city -- Chapter 7. Wellington, New Zealand : from town belt to blue belt -- Chapter 8. Birmingham, United Kingdom : health, nature, and urban economy -- Chapter 9. Portland, Oregon : green streets in a river city -- Chapter 10. San Francisco, California : biophilic city by the bay -- Chapter 11. Oslo, Norway : a city of fjords and forests -- Chapter 12. Vitoria-Gasteiz, Spain : nature in the compact city -- Part 3: A global survey of innovative practice and projects. -- I. Biophilic plans and codes -- II. Citizen science and community engagement -- III. Biophilic architecture and design -- IV. Restoring and reintroducing nature into the city -- V. Other biophilic urban strategies -- Part 4: Successes and future directions. -- Chapter 13. Lessons from the world's emerging biophilic cities -- Chapter 14. Overcoming the obstacles and challenges that remain -- Chapter 15. Conclusions : reimagining cities of the future.
520 ## - SUMMARY, ETC.
Summary, etc. "This publication offers practical advice and inspiration for ensuring that nature in the city is more than infrastructure--that it also promotes well-being and creates an emotional connection to the earth among urban residents. Divided into six parts, the Handbook begins by introducing key ideas, literature, and theory about biophilic urbanism. Chapters highlight urban biophilic innovations in more than a dozen global cities. The final part concludes with lessons on how to advance an agenda for urban biophilia and an extensive list of resources."--Publisher.
650 #0 - SUBJECT ADDED ENTRY--TOPICAL TERM
Topical term or geographic name entry element City planning
General subdivision Environmental aspects.
650 #0 - SUBJECT ADDED ENTRY--TOPICAL TERM
Topical term or geographic name entry element Sustainable development.
650 #0 - SUBJECT ADDED ENTRY--TOPICAL TERM
Topical term or geographic name entry element Human ecology.
650 #7 - SUBJECT ADDED ENTRY--TOPICAL TERM
Topical term or geographic name entry element ARCHITECTURE
General subdivision Sustainability & Green Design.
Source of heading or term bisacsh
650 #7 - SUBJECT ADDED ENTRY--TOPICAL TERM
Topical term or geographic name entry element ARCHITECTURE
General subdivision Urban & Land Use Planning.
Source of heading or term bisacsh
650 #7 - SUBJECT ADDED ENTRY--TOPICAL TERM
Topical term or geographic name entry element NATURE
General subdivision Environmental Conservation & Protection.
Source of heading or term bisacsh
650 #7 - SUBJECT ADDED ENTRY--TOPICAL TERM
Topical term or geographic name entry element Architecture and Planning.
Source of heading or term eflch
650 #7 - SUBJECT ADDED ENTRY--TOPICAL TERM
Topical term or geographic name entry element City planning
General subdivision Environmental aspects.
Source of heading or term fast
Authority record control number or standard number (OCoLC)fst00862209
650 #7 - SUBJECT ADDED ENTRY--TOPICAL TERM
Topical term or geographic name entry element Human ecology.
Source of heading or term fast
Authority record control number or standard number (OCoLC)fst00962941
650 #7 - SUBJECT ADDED ENTRY--TOPICAL TERM
Topical term or geographic name entry element Sustainable development.
Source of heading or term fast
Authority record control number or standard number (OCoLC)fst01139731
650 #7 - SUBJECT ADDED ENTRY--TOPICAL TERM
Topical term or geographic name entry element Architecture and Planning.
Source of heading or term ukslc
906 ## - LOCAL DATA ELEMENT F, LDF (RLIN)
a 7
b cbc
c copycat
d 2
e ncip
f 20
g y-gencatlg
925 0# -
-- acquire
-- 1 shelf copy
-- policy default
963 ## -
-- Sharis Simonian; phone: (202) 232-7933; fax: (202) 234-1328; email: ssimonian@islandpress.org; bc: ssimonian@islandpress.org
Holdings
Withdrawn status Lost status Source of classification or shelving scheme Damaged status Not for loan Permanent Location Current Location Date acquired Source of acquisition Cost, normal purchase price Total Checkouts Barcode Date last seen Date last checked out Cost, replacement price Price effective from Koha item type
          BMS College of Architecture, Design and Planning BMS College of Architecture, Design and Planning 2023-03-07 10 4984.56 2 AR-PG582 2024-03-26 2024-03-18 7120.80 2023-03-07 PG Books
Copyright © 2025, The Librarian, Library and Information Centre, BMSCA D&P, Bengaluru. All Rights Reserved
web counter

Powered by Koha